[Event "2nd Goa GM Open 2019"]
[Site "Goa"]
[Date "2019.06.18"]
[Round "1.13"]
[White "Thrish Karthik"]
[Black "Paichadze, Luka"]
[Result "0-1"]
[WhiteElo "2126"]
[BlackElo "2557"]
[Annotator "ChessBase"]
[PlyCount "104"]
[EventDate "2019.06.17"]
[EventType "swiss"]
[EventCountry "IND"]
[SourceTitle "playchess.com"]
[Source "ChessBase"]
[SourceQuality "1"]
[TimeControl "5400+30"]

1. e4 {[%emt 0:00:00]} c6 {[%emt 0:00:00]} 2. Nf3 {[%emt 0:00:00]} d5 {[%emt 0:00:00]} 3. exd5 {[%emt 0:00:00]} cxd5 {[%emt 0:00:00]} 4. d4 {[%emt 0:00:00]} Nc6 {[%emt 0:00:11]} 5. Ne5 {[%emt 0:00:10]} Qb6 {[%emt 0:02:52]} 6. c3 {[%emt 0:11:38]} e6 {[%emt 0:00:55]} 7. Bd3 {[%emt 0:05:24]} Bd6 {[%emt 0:01:45]} 8. f4 {[%emt 0:06:55]} Nh6 9. Nd2 {[%emt 0:13:54]} O-O {[%emt 0:17:36]} 10. Qh5 {[%emt 0:13:43]} f6 {[%emt 0:07:18]} 11. Ndf3 {[%emt 0:11:44]} Qc7 {[%emt 0:33:43]} 12. O-O {[%emt 0:10:04]} Ne7 {[%emt 0:01:02]} 13. g4 {[%emt 0:09:55]} Qd8 {[%emt 0:01:32]} 14. Bd2 {[%emt 0:06:02]} Bc7 {[%emt 0:03:13]} 15. Ng5 {[%emt 0:05:34]} f5 {[%emt 0:08:09]} 16. Ngf3 {[%emt 0:02:11]} fxg4 {[%emt 0:06:19]} 17. Nxg4 {[%emt 0:00:40]} Nhf5 {[%emt 0:00:30]} 18. Kh1 {[%emt 0:00:33]} Bd7 {[%emt 0:00:46]} 19. Ng5 {[%emt 0:00:28]} h6 {[%emt 0:00:06]} 20. Rg1 {[%emt 0:00:30]} Qe8 {[%emt 0:01:14]} 21. Qxe8 {[%emt 0:00:31]} Raxe8 {[%emt 0:00:15]} 22. Nf3 {[%emt 0:00:19]} a6 {[%emt 0:01:06]} 23. Nfe5 {[%emt 0:00:13]} Bc8 {[%emt 0:00:12]} 24. Rg2 {[%emt 0:00:50]} h5 {[%emt 0:01:06]} 25. Nf2 {[%emt 0:00:38]} Bxe5 {[%emt 0:00:45]} 26. dxe5 {[%emt 0:00:26]} Bd7 {[%emt 0:00:11]} 27. Rg5 {[%emt 0:00:22]} g6 {[%emt 0:00:27]} 28. Be2 {[%emt 0:00:26]} Kf7 {[%emt 0:00:42]} 29. Rag1 {[%emt 0:00:43]} Bc6 {[%emt 0:00:08]} 30. Kg2 {[%emt 0:00:30]} d4+ {[%emt 0:00:27]} 31. Kf1 {[%emt 0:00:18]} dxc3 {[%emt 0:00:04]} 32. bxc3 {[%emt 0:00:25]} Rd8 {[%emt 0:01:04]} 33. Ke1 {[%emt 0:00:28]} Nh4 {[%emt 0:00:19]} 34. R5g3 {[%emt 0:00:30]} Nef5 35. Rd3 {[%emt 0:00:45]} Rxd3 {[%emt 0:01:07]} 36. Nxd3 {[%emt 0:00:02]} Rd8 {[%emt 0:00:10]} 37. Kf2 {[%emt 0:00:37]} Bb5 {[%emt 0:00:54]} 38. Rd1 {[%emt 0:00:57]} Rxd3 {[%emt 0:02:05]} 39. Bxd3 {[%emt 0:00:17]} Bxd3 {[%emt 0:00:04]} 40. Bc1 {[%emt 0:00:45]} Bb5 {[%emt 0:00:18]} 41. Ba3 {[%emt 0:00:26]} Ke8 {[%emt 0:00:44]} 42. Bc5 {[%emt 0:00:31]} Bc6 {[%emt 0:00:08]} 43. Bb6 {[%emt 0:00:21]} Ng2 {[%emt 0:00:20]} 44. Rd8+ {[%emt 0:00:39]} Kf7 {[%emt 0:00:06]} 45. Bc5 {[%emt 0:00:31]} Nxf4 {[%emt 0:00:06]} 46. Ba3 {[%emt 0:00:28]} g5 {[%emt 0:01:33]} 47. Rf8+ {[%emt 0:00:15]} Kg7 {[%emt 0:00:09]} 48. Rf6 {[%emt 0:00:36]} Bd5 {[%emt 0:00:16]} 49. Bf8+ {[%emt 0:00:40]} Kg8 {[%emt 0:00:59]} 50. Bd6 {[%emt 0:00:11]} h4 {[%emt 0:00:21]} 51. Rf8+ {[%emt 0:00:24]} Kg7 {[%emt 0:00:07]} 52. Rc8 {[%emt 0:00:08]} g4 {[%emt 0:00:09]} 0-1

[Event "2nd Goa GM Open 2019"]
[Site "Goa"]
[Date "2019.06.18"]
[Round "1.14"]
[White "Debashis, Das"]
[Black "Salonika, Saina"]
[Result "*"]
[WhiteElo "2544"]
[BlackElo "2123"]
[Annotator "TA"]
[PlyCount "31"]
[EventDate "2019.06.17"]
[EventType "swiss"]
[EventCountry "IND"]
[SourceTitle "playchess.com"]
[Source "ChessBase"]
[SourceQuality "1"]

{[%evp 11,15,45,52,48,76,95]} 1. d4 Nf6 2. Nf3 g6 3. c4 Bg7 4. Nc3 O-O 5. e4 d6 6. Be3 c5 7. d5 {E90: King's Indian: Classical: Early deviations and 6 h3} e5 (7... e6 8. h3 exd5 9. exd5 Re8 10. Bd3 Bh6 11. O-O Bxe3 12. fxe3 Nbd7 13. Qd2 Qe7 14. e4 Ne5 15. Nxe5 Qxe5 16. Qf4 Kg7 17. Nb5 Rd8 18. Nxd6 Qxf4 19. Rxf4 Rxd6 20. e5 Nxd5 21. cxd5 Rxd5 {½-½ (29) Horvath,J (2532)-Turov,M (2636) Sibenik 2012}) 8. Be2 {Predecessor:} Nh5 $146 9. g3 f5 10. exf5 gxf5 11. Nxe5 Bxe5 12. Bxh5 Qb6 13. Qd2 Na6 14. O-O Nb4 15. Bh6 Bxc3 16. Qg5+ {1-0 (16) Fremmegaard,J (1856)-Jokipii,G (1395) ICCF email 2016} *

[Event "2nd Goa GM Open 2019"]
[Site "Goa"]
[Date "2019.06.18"]
[Round "1.15"]
[White "Sahu, Sekhar Chandra"]
[Black "Fier, Alexandr"]
[Result "*"]
[WhiteElo "2121"]
[BlackElo "2543"]
[Annotator "TA"]
[PlyCount "22"]
[EventDate "2019.06.17"]
[EventType "swiss"]
[EventCountry "IND"]
[SourceTitle "playchess.com"]
[Source "ChessBase"]
[SourceQuality "1"]

{[%evp 17,22,8,35,2,0,-22,17]} 1. e4 c5 2. Nc3 ({Predecessor:} 2. Nf3 d6 3. d4 cxd4 4. Nxd4 Nf6 5. Nc3 e6 6. Be2 Be7 7. O-O O-O 8. f4 Nc6 {½-½ (10) Della Morte,G (2325)-Supi,L (2299) Sao Jose do Rio Preto 2012}) 2... Nc6 3. Nf3 e6 4. d4 cxd4 5. Nxd4 d6 6. Be3 Nf6 7. Be2 Be7 8. O-O O-O 9. f4 Bd7 10. Nxc6 $146 {B83: Sicilian Scheveningen: 6 Be2, lines without ...a6} (10. Kh1 Nxd4 11. Bxd4 Bc6 12. Qd3 b5 13. a3 Qb8 14. Bf3 e5 15. Be3 Re8 16. Nd5 Bxd5 17. exd5 Bd8 18. fxe5 dxe5 19. Be2 a6 20. d6 {1-0 (40) Kovchan,A (2583)-Efimenko,Z (2647) Lvov 2015}) 10... Bxc6 11. Bd4 g6 *

[Event "2nd Goa GM Open 2019"]
[Site "Goa"]
[Date "2019.06.18"]
[Round "1.16"]
[White "Gukesh D"]
[Black "Makhija, Aashna"]
[Result "1-0"]
[WhiteElo "2543"]
[BlackElo "2116"]
[Annotator "ChessBase"]
[PlyCount "97"]
[EventDate "2019.06.17"]
[EventType "swiss"]
[EventCountry "IND"]
[SourceTitle "playchess.com"]
[Source "ChessBase"]
[SourceQuality "1"]
[TimeControl "5400+30"]

1. Nf3 {[%emt 0:00:00]} Nf6 {[%emt 0:00:00]} 2. g3 {[%emt 0:01:11]} d5 {[%emt 0:00:25]} 3. Bg2 {[%emt 0:00:11]} e6 {[%emt 0:00:41]} 4. O-O {[%emt 0:00:07]} Be7 {[%emt 0:00:44]} 5. b3 {[%emt 0:01:06]} O-O {[%emt 0:00:45]} 6. Bb2 {[%emt 0:00:17]} c5 {[%emt 0:01:11]} 7. c4 {[%emt 0:03:18]} Nc6 {[%emt 0:00:56]} 8. e3 {[%emt 0:04:06]} b6 {[%emt 0:00:57]} 9. Qe2 {[%emt 0:01:54]} Ba6 {[%emt 0:01:00]} 10. Rd1 {[%emt 0:02:34]} Rc8 {[%emt 0:02:01]} 11. d3 {[%emt 0:05:17]} Qd7 {[%emt 0:02:08]} 12. Nc3 {[%emt 0:01:49]} d4 {[%emt 0:03:29]} 13. exd4 {[%emt 0:10:48]} Nxd4 {[%emt 0:00:30]} 14. Nxd4 {[%emt 0:00:30]} cxd4 {[%emt 0:00:30]} 15. Nb1 {[%emt 0:00:30]} Rfd8 {[%emt 0:00:30]} 16. Nd2 {[%emt 0:00:30]} Bb7 {[%emt 0:00:30]} 17. Bxb7 {[%emt 0:00:30]} Qxb7 {[%emt 0:00:30]} 18. Nf3 {[%emt 0:00:30]} Bc5 {[%emt 0:00:30]} 19. a3 {[%emt 0:00:30]} a5 {[%emt 0:00:30]} 20. b4 {[%emt 0:00:30]} axb4 {[%emt 0:31:12]} 21. axb4 {[%emt 0:17:46]} Bxb4 {[%emt 0:00:30]} 22. Nxd4 {[%emt 0:05:27]} Ra8 {[%emt 0:16:21]} 23. Nb5 {[%emt 0:02:33]} Be7 {[%emt 0:05:48]} 24. Bc3 {[%emt 0:10:04]} Rxa1 {[%emt 0:05:11]} 25. Bxa1 {[%emt 0:01:48]} Ne8 {[%emt 0:04:12]} 26. Be5 {[%emt 0:07:56]} Bf6 {[%emt 0:03:35]} 27. Bf4 {[%emt 0:02:06]} Be7 {[%emt 0:06:32]} 28. Rb1 {[%emt 0:08:13]} Qd7 {[%emt 0:07:35]} 29. d4 {[%emt 0:01:15]} Nd6 {[%emt 0:01:54]} 30. Bxd6 {[%emt 0:01:09]} Bxd6 {[%emt 0:00:06]} 31. Qf3 {[%emt 0:00:30]} Be7 {[%emt 0:03:52]} 32. Ra1 {[%emt 0:01:06]} Bf6 {[%emt 0:00:31]} 33. Ra7 {[%emt 0:04:02]} Qe8 {[%emt 0:00:48]} 34. Qe4 {[%emt 0:04:00]} h6 {[%emt 0:00:26]} 35. h4 {[%emt 0:00:55]} Qf8 {[%emt 0:00:36]} 36. Rc7 {[%emt 0:01:26]} Rc8 {[%emt 0:00:29]} 37. Qc6 {[%emt 0:01:09]} Rxc7 {[%emt 0:00:27]} 38. Qxc7 {[%emt 0:00:01]} Qb4 {[%emt 0:00:33]} 39. Kg2 {[%emt 0:01:10]} Qe1 {[%emt 0:00:30]} 40. Qc8+ {[%emt 0:00:40]} Kh7 {[%emt 0:00:04]} 41. Qb7 {[%emt 0:00:10]} Qe2 {[%emt 0:00:36]} 42. Qc6 {[%emt 0:00:11]} Qd3 {[%emt 0:00:44]} 43. c5 {[%emt 0:00:45]} Bxd4 {[%emt 0:00:37]} 44. Nxd4 {[%emt 0:00:26]} Qxd4 {[%emt 0:00:15]} 45. cxb6 {[%emt 0:00:04]} Qb4 {[%emt 0:00:28]} 46. b7 {[%emt 0:00:28]} e5 {[%emt 0:00:43]} 47. Qc7 {[%emt 0:00:29]} Qe4+ {[%emt 0:00:32]} 48. Kh2 {[%emt 0:00:19]} Qf3 {[%emt 0:00:35]} 49. Qc2+ {[%emt 0:00:11]} 1-0

[Event "2nd Goa GM Open 2019"]
[Site "Goa"]
[Date "2019.06.18"]
[Round "1.17"]
[White "Shawket Bin, Osman Shaon"]
[Black "Tukhaev, Adam"]
[Result "0-1"]
[WhiteElo "2109"]
[BlackElo "2527"]
[Annotator "ChessBase"]
[PlyCount "80"]
[EventDate "2019.06.17"]
[EventType "swiss"]
[EventCountry "IND"]
[SourceTitle "playchess.com"]
[Source "ChessBase"]
[SourceQuality "1"]
[TimeControl "5400+30"]

1. d4 {[%emt 0:00:00]} Nf6 {[%emt 0:00:08]} 2. c4 {[%emt 0:00:00]} g6 {[%emt 0:01:24]} 3. Nc3 {[%emt 0:00:09]} d5 {[%emt 0:00:34]} 4. Bg5 {[%emt 0:04:34]} Bg7 {[%emt 0:00:11]} 5. Nf3 {[%emt 0:01:19]} Ne4 {[%emt 0:01:58]} 6. Bf4 {[%emt 0:02:26]} Nxc3 {[%emt 0:00:43]} 7. bxc3 {[%emt 0:00:10]} dxc4 {[%emt 0:01:32]} 8. Qa4+ {[%emt 0:05:33]} c6 {[%emt 0:04:22]} 9. Qxc4 {[%emt 0:01:25]} Be6 {[%emt 0:00:55]} 10. Qd3 {[%emt 0:01:47]} Nd7 {[%emt 0:03:56]} 11. e4 Qa5 {[%emt 0:34:07]} 12. Nd2 {[%emt 0:25:36]} f5 {[%emt 0:07:29]} 13. Be2 {[%emt 0:18:46]} fxe4 {[%emt 0:03:52]} 14. Nxe4 {[%emt 0:01:13]} O-O {[%emt 0:01:30]} 15. Bd2 {[%emt 0:06:06]} Bf5 {[%emt 0:06:35]} 16. O-O {[%emt 0:03:04]} Kh8 {[%emt 0:05:39]} 17. Bf3 {[%emt 0:02:26]} e5 {[%emt 0:01:38]} 18. Qe2 {[%emt 0:09:25]} Bxe4 {[%emt 0:08:15]} 19. Bxe4 {[%emt 0:00:19]} exd4 {[%emt 0:01:37]} 20. cxd4 {[%emt 0:00:29]} Qa4 {[%emt 0:00:11]} 21. Rab1 {[%emt 0:04:39]} Nb6 {[%emt 0:02:16]} 22. Bc3 {[%emt 0:02:46]} Rae8 {[%emt 0:01:19]} 23. Qd3 {[%emt 0:00:28]} Qxa2 {[%emt 0:01:48]} 24. d5 {[%emt 0:01:08]} cxd5 {[%emt 0:01:09]} 25. Bxg7+ {[%emt 0:02:37]} Kxg7 {[%emt 0:00:03]} 26. Qd4+ {[%emt 0:01:23]} Rf6 {[%emt 0:04:00]} 27. Bd3 {[%emt 0:01:10]} Qd2 {[%emt 0:00:34]} 28. Rb2 {[%emt 0:01:26]} Qf4 {[%emt 0:01:25]} 29. Qc5 {[%emt 0:00:30]} Rc8 {[%emt 0:02:18]} 30. Qa5 {[%emt 0:00:01]} Qd4 {[%emt 0:00:29]} 31. Rd2 {[%emt 0:01:50]} Rc3 {[%emt 0:00:28]} 32. Qb5 {[%emt 0:00:50]} a6 {[%emt 0:01:28]} 33. Qb2 {[%emt 0:00:50]} Qc5 {[%emt 0:01:24]} 34. g4 {[%emt 0:00:35]} d4 {[%emt 0:00:08]} 35. Re1 {[%emt 0:00:27]} Rf7 {[%emt 0:00:48]} 36. Re4 {[%emt 0:00:54]} Na4 {[%emt 0:00:48]} 37. Qa2 {[%emt 0:00:20]} Rc1+ {[%emt 0:00:08]} 38. Kg2 {[%emt 0:01:08]} Nc3 {[%emt 0:00:05]} 39. Qe6 {[%emt 0:00:14]} Nxe4 {[%emt 0:00:09]} 40. Bxe4 {[%emt 0:00:27]} Re7 {[%emt 0:00:25]} 0-1

[Event "2nd Goa GM Open 2019"]
[Site "Goa"]
[Date "2019.06.18"]
[Round "1.18"]
[White "Burmakin, Vladimir"]
[Black "Santu, Mondal"]
[Result "1-0"]
[WhiteElo "2526"]
[BlackElo "2106"]
[Annotator "ChessBase"]
[PlyCount "141"]
[EventDate "2019.06.17"]
[EventType "swiss"]
[EventCountry "IND"]
[SourceTitle "playchess.com"]
[Source "ChessBase"]
[SourceQuality "1"]
[TimeControl "5400+30"]

1. Nf3 {[%emt 0:00:00]} Nf6 {[%emt 0:00:30]} 2. g3 {[%emt 0:00:00]} b6 {[%emt 0:00:48]} 3. Bg2 {[%emt 0:01:02]} Bb7 {[%emt 0:00:12]} 4. O-O {[%emt 0:00:38]} c5 {[%emt 0:01:23]} 5. d3 {[%emt 0:00:09]} g6 {[%emt 0:01:27]} 6. e4 {[%emt 0:00:10]} d6 {[%emt 0:01:01]} 7. a4 {[%emt 0:00:13]} Bg7 {[%emt 0:01:24]} 8. Nfd2 {[%emt 0:00:12]} Nc6 {[%emt 0:03:03]} 9. Nc4 {[%emt 0:00:08]} O-O {[%emt 0:02:33]} 10. a5 {[%emt 0:01:18]} Rc8 {[%emt 0:11:23]} 11. Nc3 {[%emt 0:01:19]} Nd7 {[%emt 0:25:50]} 12. f4 {[%emt 0:06:31]} Nxa5 {[%emt 0:00:16]} 13. Nxa5 {[%emt 0:00:12]} bxa5 {[%emt 0:00:02]} 14. Be3 {[%emt 0:01:36]} Bc6 {[%emt 0:03:33]} 15. Qd2 {[%emt 0:01:27]} Nb6 {[%emt 0:02:00]} 16. b3 {[%emt 0:01:50]} d5 {[%emt 0:06:56]} 17. exd5 {[%emt 0:15:46]} Nxd5 {[%emt 0:03:56]} 18. Nxd5 {[%emt 0:00:52]} Bxa1 {[%emt 0:01:35]} 19. Rxa1 {[%emt 0:02:53]} Bxd5 {[%emt 0:00:22]} 20. Bh3 {[%emt 0:00:46]} Rc7 {[%emt 0:05:31]} 21. Rxa5 {[%emt 0:00:09]} Ba8 {[%emt 0:01:48]} 22. Bxc5 {[%emt 0:02:34]} Qd5 {[%emt 0:08:34]} 23. Bg2 {[%emt 0:00:12]} Qe6 {[%emt 0:01:09]} 24. b4 {[%emt 0:00:47]} Bxg2 {[%emt 0:00:34]} 25. Kxg2 {[%emt 0:02:17]} Qd5+ {[%emt 0:02:03]} 26. Kg1 {[%emt 0:01:09]} Qf3 {[%emt 0:01:29]} 27. Ra1 {[%emt 0:02:05]} Qd5 {[%emt 0:04:01]} 28. Qe3 {[%emt 0:02:28]} Rd8 {[%emt 0:01:41]} 29. Qe5 {[%emt 0:04:06]} Qc6 {[%emt 0:04:04]} 30. d4 {[%emt 0:00:24]} Rcd7 {[%emt 0:01:22]} 31. c4 {[%emt 0:02:49]} Qf3 {[%emt 0:01:47]} 32. d5 {[%emt 0:00:22]} Qd3 {[%emt 0:00:49]} 33. Rc1 {[%emt 0:01:18]} f6 {[%emt 0:02:33]} 34. Qe6+ {[%emt 0:00:15]} Kg7 {[%emt 0:00:17]} 35. Bxe7 {[%emt 0:00:45]} Qd4+ {[%emt 0:00:11]} 36. Kh1 {[%emt 0:00:10]} Re8 {[%emt 0:01:01]} 37. Bxf6+ {[%emt 0:02:18]} Qxf6 {[%emt 0:00:08]} 38. Qxd7+ {[%emt 0:00:10]} Re7 {[%emt 0:00:05]} 39. Qg4 {[%emt 0:01:23]} Qb2 {[%emt 0:00:43]} 40. Rf1 {[%emt 0:00:52]} Re2 {[%emt 0:00:37]} 41. Qf3 {[%emt 0:00:40]} Rxh2+ {[%emt 0:00:53]} 42. Kg1 {[%emt 0:00:02]} Rd2 {[%emt 0:00:43]} 43. Rf2 {[%emt 0:00:35]} Qd4 {[%emt 0:00:27]} 44. Kg2 {[%emt 0:00:21]} Rd3 {[%emt 0:00:07]} 45. Qe2 {[%emt 0:00:36]} Qxc4 {[%emt 0:00:21]} 46. Rf3 {[%emt 0:01:37]} Rd4 {[%emt 0:00:43]} 47. Qxc4 {[%emt 0:02:19]} Rxc4 {[%emt 0:00:01]} 48. Ra3 {[%emt 0:00:12]} Rc7 {[%emt 0:01:06]} 49. Kf3 {[%emt 0:00:16]} Re7 {[%emt 0:00:50]} 50. Ra6 {[%emt 0:02:44]} Kf7 {[%emt 0:00:18]} 51. g4 {[%emt 0:00:39]} Rb7 {[%emt 0:00:32]} 52. Ra4 {[%emt 0:00:50]} Re7 {[%emt 0:00:25]} 53. g5 {[%emt 0:01:22]} Ke8 {[%emt 0:00:39]} 54. b5 {[%emt 0:00:42]} Kd8 {[%emt 0:00:20]} 55. Ra6 {[%emt 0:00:08]} Kc8 {[%emt 0:00:39]} 56. Rc6+ {[%emt 0:01:00]} Kd8 {[%emt 0:00:38]} 57. Ra6 {[%emt 0:00:36]} Kc8 {[%emt 0:00:11]} 58. d6 {[%emt 0:00:20]} Rb7 {[%emt 0:00:06]} 59. Ke3 {[%emt 0:01:30]} Kd7 {[%emt 0:00:23]} 60. Ke4 {[%emt 0:00:01]} Ke6 {[%emt 0:01:08]} 61. Kd4 {[%emt 0:00:17]} Rxb5 {[%emt 0:00:26]} 62. Rxa7 {[%emt 0:00:04]} Kxd6 {[%emt 0:00:44]} 63. Rxh7 {[%emt 0:00:05]} Rb4+ {[%emt 0:00:09]} 64. Ke3 {[%emt 0:00:09]} Kd5 {[%emt 0:00:30]} 65. Kf3 {[%emt 0:00:50]} Rb6 {[%emt 0:00:54]} 66. Rf7 {[%emt 0:01:47]} Rb3+ {[%emt 0:00:33]} 67. Kg4 {[%emt 0:00:04]} Rb1 {[%emt 0:00:04]} 68. Rf6 {[%emt 0:00:19]} Rg1+ {[%emt 0:00:05]} 69. Kf3 {[%emt 0:00:20]} Rf1+ {[%emt 0:00:47]} 70. Kg3 {[%emt 0:00:15]} Ke4 {[%emt 0:00:27]} 71. Re6+ {[%emt 0:00:08]} 1-0

[Event "2nd Goa GM Open 2019"]
[Site "Goa"]
[Date "2019.06.18"]
[Round "1.19"]
[White "Soham Datar"]
[Black "Iniyan, P."]
[Result "0-1"]
[WhiteElo "2102"]
[BlackElo "2525"]
[Annotator "ChessBase"]
[PlyCount "72"]
[EventDate "2019.06.17"]
[EventType "swiss"]
[EventCountry "IND"]
[SourceTitle "playchess.com"]
[Source "ChessBase"]
[SourceQuality "1"]
[TimeControl "5400+30"]

1. Nf3 {[%emt 0:00:00]} Nf6 {[%emt 0:00:17]} 2. b3 {[%emt 0:00:00]} d5 {[%emt 0:00:16]} 3. Bb2 {[%emt 0:00:00]} c5 {[%emt 0:00:09]} 4. e3 {[%emt 0:00:40]} e6 {[%emt 0:00:15]} 5. g3 {[%emt 0:02:13]} Nc6 {[%emt 0:01:17]} 6. Bg2 {[%emt 0:00:05]} Bd6 {[%emt 0:05:04]} 7. c4 {[%emt 0:05:08]} d4 {[%emt 0:07:22]} 8. exd4 {[%emt 0:04:06]} cxd4 {[%emt 0:00:37]} 9. O-O {[%emt 0:00:09]} O-O {[%emt 0:00:36]} 10. Na3 {[%emt 0:05:51]} e5 {[%emt 0:02:57]} 11. d3 {[%emt 0:00:07]} Nd7 {[%emt 0:00:49]} 12. Nc2 {[%emt 0:02:53]} a5 13. Nd2 {[%emt 0:08:46]} f5 {[%emt 0:11:37]} 14. Re1 {[%emt 0:03:48]} Nc5 {[%emt 0:01:27]} 15. Bd5+ {[%emt 0:18:44]} Kh8 {[%emt 0:02:12]} 16. Qe2 {[%emt 0:05:01]} e4 {[%emt 0:02:10]} 17. Nxd4 {[%emt 0:02:17]} Nxd3 {[%emt 0:00:32]} 18. Nxc6 {[%emt 0:07:24]} bxc6 {[%emt 0:00:07]} 19. Bxc6 {[%emt 0:00:08]} Ra6 {[%emt 0:00:06]} 20. Nxe4 {[%emt 0:14:32]} fxe4 {[%emt 0:03:39]} 21. Bxe4 {[%emt 0:00:06]} Nxb2 {[%emt 0:01:08]} 22. Qh5 {[%emt 0:04:00]} g6 {[%emt 0:00:12]} 23. Bxg6 {[%emt 0:00:21]} Ra7 {[%emt 0:00:07]} 24. Re8 {[%emt 0:06:41]} Qf6 {[%emt 0:01:43]} 25. Rxf8+ {[%emt 0:01:22]} Bxf8 {[%emt 0:00:08]} 26. Bc2 {[%emt 0:00:47]} Rf7 {[%emt 0:00:10]} 27. Rf1 {[%emt 0:00:32]} Bb7 {[%emt 0:00:16]} 28. a3 {[%emt 0:04:08]} Qc6 {[%emt 0:01:17]} 29. f3 {[%emt 0:00:40]} Qc5+ {[%emt 0:00:06]} 30. Qxc5 {[%emt 0:00:05]} Bxc5+ {[%emt 0:00:07]} 31. Kg2 {[%emt 0:00:03]} Bxa3 {[%emt 0:00:22]} 32. h4 {[%emt 0:00:16]} Bc5 {[%emt 0:00:43]} 33. g4 {[%emt 0:00:11]} a4 {[%emt 0:00:07]} 34. bxa4 {[%emt 0:00:22]} Nxc4 {[%emt 0:00:08]} 35. Bb3 {[%emt 0:01:44]} Ne3+ {[%emt 0:00:07]} 36. Kh3 {[%emt 0:00:05]} Rf8 {[%emt 0:01:28]} 0-1

[Event "2nd Goa GM Open 2019"]
[Site "Goa"]
[Date "2019.06.18"]
[Round "1.20"]
[White "Malakhatko, Vadim"]
[Black "Mahindrakar Indrajeet"]
[Result "1-0"]
[WhiteElo "2505"]
[BlackElo "2100"]
[Annotator "ChessBase"]
[PlyCount "85"]
[EventDate "2019.06.17"]
[EventType "swiss"]
[EventCountry "IND"]
[SourceTitle "playchess.com"]
[Source "ChessBase"]
[SourceQuality "1"]
[TimeControl "5400+30"]

1. Nf3 {[%emt 0:00:00]} Nf6 {[%emt 0:03:58]} 2. c4 {[%emt 0:00:00]} g6 {[%emt 0:01:56]} 3. Nc3 {[%emt 0:00:01]} Bg7 {[%emt 0:00:28]} 4. d4 {[%emt 0:00:10]} d6 {[%emt 0:01:11]} 5. e4 {[%emt 0:00:07]} O-O {[%emt 0:00:45]} 6. Be2 {[%emt 0:00:08]} Na6 {[%emt 0:01:51]} 7. O-O {[%emt 0:00:11]} e5 {[%emt 0:01:25]} 8. Be3 {[%emt 0:00:11]} Ng4 {[%emt 0:02:01]} 9. Bg5 {[%emt 0:00:08]} Qe8 {[%emt 0:01:43]} 10. h3 {[%emt 0:00:18]} f6 {[%emt 0:05:04]} 11. Bc1 {[%emt 0:13:39]} Nh6 {[%emt 0:00:29]} 12. Re1 {[%emt 0:00:09]} Nf7 {[%emt 0:03:52]} 13. b3 Kh8 {[%emt 0:08:49]} 14. Bb2 {[%emt 0:12:37]} c6 {[%emt 0:05:47]} 15. Bf1 {[%emt 0:07:12]} Nc7 {[%emt 0:05:29]} 16. b4 {[%emt 0:00:28]} Rg8 {[%emt 0:07:35]} 17. a3 {[%emt 0:01:57]} Ne6 {[%emt 0:06:23]} 18. d5 {[%emt 0:00:12]} Nf4 {[%emt 0:01:49]} 19. Kh2 {[%emt 0:00:30]} g5 {[%emt 0:07:27]} 20. Nd2 {[%emt 0:04:20]} Bh6 {[%emt 0:13:57]} 21. g3 {[%emt 0:02:05]} g4 {[%emt 0:08:54]} 22. h4 {[%emt 0:00:24]} Nh3 {[%emt 0:03:01]} 23. Bxh3 {[%emt 0:03:37]} gxh3 {[%emt 0:00:17]} 24. Nf1 {[%emt 0:00:10]} Bg7 {[%emt 0:03:57]} 25. Ne3 {[%emt 0:02:20]} Nh6 {[%emt 0:00:24]} 26. dxc6 {[%emt 0:01:02]} bxc6 {[%emt 0:00:43]} 27. b5 {[%emt 0:01:11]} Rb8 {[%emt 0:02:01]} 28. a4 {[%emt 0:00:14]} Bf8 {[%emt 0:00:48]} 29. Ba3 {[%emt 0:00:28]} Ng4+ {[%emt 0:01:06]} 30. Nxg4 {[%emt 0:00:09]} Bxg4 {[%emt 0:00:13]} 31. Qd3 {[%emt 0:00:40]} Qh5 {[%emt 0:01:24]} 32. Bxd6 {[%emt 0:02:20]} Rd8 {[%emt 0:00:37]} 33. c5 {[%emt 0:00:06]} Bh6 {[%emt 0:00:08]} 34. bxc6 {[%emt 0:00:57]} Bc8 {[%emt 0:00:55]} 35. Nd5 {[%emt 0:00:46]} Qf7 {[%emt 0:00:32]} 36. Qf3 {[%emt 0:01:32]} Bg7 {[%emt 0:00:30]} 37. Ne7 {[%emt 0:02:36]} Be6 {[%emt 0:00:25]} 38. c7 {[%emt 0:00:31]} Rde8 {[%emt 0:00:22]} 39. Nxg8 {[%emt 0:00:09]} Rxg8 {[%emt 0:00:11]} 40. Rab1 {[%emt 0:00:11]} f5 {[%emt 0:00:59]} 41. Rb8 Bc8 {[%emt 0:00:21]} 42. Rxc8 {[%emt 0:01:39]} Rxc8 {[%emt 0:00:06]} 43. Qxf5 {[%emt 0:00:09]} 1-0

[Event "2nd Goa GM Open 2019"]
[Site "Goa"]
[Date "2019.06.18"]
[Round "1.21"]
[White "Manish Anto Cristiano F"]
[Black "Karthik Venkataraman"]
[Result "1-0"]
[WhiteElo "2099"]
[BlackElo "2499"]
[Annotator "ChessBase"]
[PlyCount "65"]
[EventDate "2019.06.17"]
[EventType "swiss"]
[EventCountry "IND"]
[SourceTitle "playchess.com"]
[Source "ChessBase"]
[SourceQuality "1"]
[TimeControl "5400+30"]

1. e4 {[%emt 0:00:00]} c5 {[%emt 0:00:00]} 2. Nf3 {[%emt 0:00:07]} d6 {[%emt 0:00:00]} 3. d4 {[%emt 0:00:27]} cxd4 {[%emt 0:00:00]} 4. Nxd4 {[%emt 0:00:32]} Nf6 {[%emt 0:00:00]} 5. Nc3 {[%emt 0:00:35]} a6 {[%emt 0:00:00]} 6. Bg5 {[%emt 0:02:54]} Nbd7 {[%emt 0:00:06]} 7. Qe2 {[%emt 0:01:11]} h6 {[%emt 0:02:05]} 8. Bh4 {[%emt 0:01:32]} g6 {[%emt 0:01:46]} 9. f4 {[%emt 0:01:17]} e5 {[%emt 0:00:11]} 10. fxe5 {[%emt 0:00:39]} dxe5 {[%emt 0:00:06]} 11. O-O-O {[%emt 0:00:19]} Qc7 {[%emt 0:00:32]} 12. Nb3 {[%emt 0:02:04]} b5 {[%emt 0:06:00]} 13. g4 {[%emt 0:07:56]} Be7 {[%emt 0:23:03]} 14. Bg2 {[%emt 0:00:30]} Bb7 {[%emt 0:00:30]} 15. Rhf1 {[%emt 0:08:05]} Rc8 {[%emt 0:01:46]} 16. Qf2 {[%emt 0:09:07]} Rh7 {[%emt 0:10:12]} 17. Bxf6 {[%emt 0:05:15]} Nxf6 {[%emt 0:00:23]} 18. h3 {[%emt 0:00:15]} b4 {[%emt 0:06:58]} 19. Nd5 {[%emt 0:02:57]} Bxd5 {[%emt 0:01:25]} 20. exd5 {[%emt 0:00:58]} Nd7 {[%emt 0:00:05]} 21. Kb1 {[%emt 0:07:05]} a5 {[%emt 0:06:19]} 22. d6 {[%emt 0:01:45]} Bxd6 {[%emt 0:00:09]} 23. Nxa5 {[%emt 0:01:19]} Bc5 {[%emt 0:00:16]} 24. Qd2 {[%emt 0:00:19]} Nb6 {[%emt 0:02:00]} 25. Rf6 {[%emt 0:09:47]} Kf8 {[%emt 0:18:11]} 26. Rc6 {[%emt 0:03:24]} Qb8 {[%emt 0:00:04]} 27. Rxc5 {[%emt 0:03:38]} Rc7 28. Rc6 Rxc6 {[%emt 0:01:23]} 29. Qxb4+ {[%emt 0:00:40]} Rc5 {[%emt 0:00:21]} 30. Nb7 {[%emt 0:00:14]} Nd7 {[%emt 0:02:01]} 31. Rd3 Kg7 32. Rxd7 {[%emt 0:02:54]} Rc7 {[%emt 0:00:38]} 33. Rd8 {[%emt 0:02:20]} 1-0